Ii rosario del religioso. (Record n. 37696)

Dettagli MARC
000 -LEADER
fixed length control field 00782nam a22001937a 4500
003 - CONTROL NUMBER IDENTIFIER
control field IT-RoPau
005 - DATE AND TIME OF LATEST TRANSACTION
control field 20220918175937.0
008 - FIXED-LENGTH DATA ELEMENTS--GENERAL INFORMATION
fixed length control field 121219b xxu||||| |||| 00| 0 eng d
040 ## - CATALOGING SOURCE
Transcribing agency IT-RoPau
100 ## - MAIN ENTRY--PERSONAL NAME
Personal name Alberione Giacomo
Fuller form of name Fondatore Famiglia Paolina
9 (RLIN) 85
245 ## - TITLE STATEMENT
Title Ii rosario del religioso.
Remainder of title Ritiro mensile Alba 30 settembre - 1° ottobre 1933
250 ## - EDITION STATEMENT
Edition statement I
260 ## - PUBLICATION, DISTRIBUTION, ETC. (IMPRINT)
Place of publication, distribution, etc. Roma
Name of publisher, distributor, etc. SSP
300 ## - PHYSICAL DESCRIPTION
Extent 16 p.
Dimensions 30 p.
490 ## - SERIES STATEMENT
Volume/sequential designation I
500 ## - GENERAL NOTE
General note In questo dattiloscritto del Sac. Giacomo Alberione ci sono delle riflessioni fatte in un Ritiro mensile tenutosi ad Alba nel 1933 dal Primo Maestro.
520 ## - SUMMARY, ETC.
Summary, etc. IL ROSARIO DEL RELIGIOSO<br/><br/>Il rosario è via per il religioso<br/>Il Rosario è verità per il religioso<br/>Il Rosario è vita per il religioso<br/> <br/>
942 ## - ADDED ENTRY ELEMENTS (KOHA)
Source of classification or shelving scheme Dewey Decimal Classification
Koha item type LIBRO
Dati di copia
Withdrawn status Lost status Source of classification or shelving scheme Damaged status Not for loan Home library Current library Date acquired Total Checkouts Full call number Date last seen Price effective from Koha item type
    Dewey Decimal Classification Buone Condizioni Not For Loan PAULUS-BIBLIOTECA PAULUS-BIBLIOTECA 19/12/2012   P A3 19/12/2012 19/12/2012 LIBRO
CREDITS: SOCIETA' SAN PAOLO Via A.Severo, 58 - ROMA (RM) & PERIODICI SAN PAOLO SRL Via Giotto, 36 MILANO & CISF Via Giotto, 36 MILANO & EDIZIONI SAN PAOLO SRL,  Piazza Soncino, 5 CINISELLO BALSAMO (MI) -- ITALY